000 00582nam a2200193Ia 4500
003 IN-BaIIA
008 211028s9999 xx 000 0 eng d
040 _cIIA Library
080 _a52
_bMIT
100 _aMitchel, O. M.
_91318
245 4 _aThe planetary and stellar worlds
_ba popular exposition of the great discoveries and theories of modern astronomy
_cO. M. Mitchel
260 _aLondon
_bPatridge & Oakey
_c1852
300 _axvi, 17-336p.
650 _aArchives
650 _aAstronomy
_980
650 _aAstrophysics
_9794
650 _aPlanetary Systems
_9965
942 _cBK
999 _c600
_d600